000 00466nam a2200193Ia 4500
005 20140403084835.0
008 140130s9999 xx 000 0 und d
020 _a0439269970
050 _aPZ 7
_b.R579 2005
100 _aRyan, Pam M.
_931399
245 _cPam M. Ryan.
_aBecoming Naomi Leon /
260 _bScholastic,
_c2005.
_aUSA :
300 _a246 p. :
_c19 cm.
440 _v1
521 _aG6
526 _c830
942 _cBK
_2lcc
999 _c41197
_d41197